|
|
|
|
| LEADER |
00000nab a2200000 ar4500 |
| 001 |
vtls008879140 |
| 003 |
SK-MaSNL |
| 005 |
20260303071409.0 |
| 008 |
061120c20050722xo dr|n|||||||000 b|slo |
| 015 |
|
|
|a SLLK2005
|2 sllk
|
| 038 |
|
|
|a SLLK
|
| 040 |
|
|
|a SLLK
|b slo
|c sllk
|e AACR2
|
| 041 |
0 |
|
|a slo
|
| 044 |
|
|
|a xo
|c SK
|
| 080 |
|
|
|a 625.712.63
|2 1997
|
| 080 |
|
|
|a 352.9
|2 1997
|
| 245 |
0 |
0 |
|a Preplneným parkoviskám odzvoní na budúci rok
|c [autor] (afo)
|
| 650 |
0 |
7 |
|a správa
|2 snkbucl
|9 628284
|
| 650 |
0 |
7 |
|a parkoviská
|2 SNKPH
|9 29941
|
| 651 |
|
7 |
|a Stará Ľubovňa (Slovensko)
|2 snkbucl
|9 19193
|
| 773 |
0 |
|
|t Tatranský denník Korzár
|g Roč. VII, č. 169 (22. 7.2005) s. 1
|x 1335-7573
|
| 852 |
|
|
|a SLLK
|b KIS3GCP
|
| 999 |
|
|
|c 1759721
|d 1761651
|